[Event "GRE-chT"]
[Site "Thessaloniki"]
[Date "1996.??.??"]
[Round "3"]
[White "Shipov, Sergei"]
[Black "Cela, Altin"]
[Result "0-1"]
[WhiteElo "2535"]
[BlackElo "2415"]

1.d4 Nf6 2.c4 g6 3.Nc3 Bg7 4.e4 O-O 5.Nf3 d6 6.Be2 e5 7.Be3 Ng4 8.Bg5 f6
9.Bh4 Nc6 10.d5 Ne7 11.Nd2 Nh6 12.f3 g5 13.Bf2 f5 14.c5 Ng6 15.g3 g4 16.cxd6 cxd6
17.exf5 gxf3 18.Bxf3 Nxf5 19.O-O Bh6 20.Nc4 Bd7 21.a4 Qe7 22.Be4 b6 23.Nb5 Rf6
24.Qd3 Kh8 25.Kh1 Raf8 26.Bg1 Qg7 27.Rf3 Bf4 28.gxf4 Nxf4 29.Qd2 Rh6 30.Bxf5 Bxf5
31.Nbxd6 Bh3 32.Rxh3 Rxh3 33.Nxe5 Nh5 34.Bd4 Kg8 35.Nef7 Qg6 36.Rg1 Ng3+
37.Rxg3 Qxg3 38.Qg2 Qxg2+ 39.Kxg2 Rh5 40.Ne5 Rg5+ 41.Kh3 Rf6 42.Kh4 Rg7 43.Ng4 Rxg4+
44.Kxg4 Rxd6 45.Kf5 Rxd5+ 46.Ke4 Rh5 47.Be5 Kf7 48.b3 Ke6 49.Bb8 Rh4+ 50.Kd3 a6
51.Bc7 Kd5 52.Kc3 b5 53.axb5 axb5 54.Bg3 Rh3 55.Kb4 h5 56.Bb8 h4 57.Bc7 Kc6
58.Be5 Re3 59.Bb8 h3  0-1

[Event "Toronto"]
[Site "Toronto"]
[Date "1996.??.??"]
[Round "7"]
[White "Nickoloff, Bryon"]
[Black "Peckford, William"]
[Result "1-0"]
[WhiteElo "2410"]
[BlackElo "2285"]

1.d4 Nf6 2.c4 g6 3.Nc3 Bg7 4.e4 d6 5.Nf3 O-O 6.Be2 e5 7.Be3 Ng4 8.Bg5 f6
9.Bh4 Nc6 10.d5 Ne7 11.Nd2 Nh6 12.f3 c6 13.Bf2 Nf7 14.b4 f5 15.Nb3 cxd5 16.cxd5 Bh6
17.Na5 Kh8 18.a4 Ng8 19.Qc2 Nf6 20.Nb5 fxe4 21.fxe4 a6 22.Nc3 Nh5 23.Bxh5 gxh5
24.Nc4 Rg8 25.Be3 Bg4 26.O-O Ng5 27.Kh1 h4 28.Nb6 Rb8 29.Qf2 h3 30.Qf6+ Qxf6
31.Rxf6 hxg2+ 32.Kxg2 Bh3+ 33.Kf2 Rbf8 34.Rxf8 Rxf8+ 35.Ke2 Bg4+ 36.Kd3 Rf3
37.Nc4 Bg7 38.Nd2 Rh3 39.Rg1 h5 40.Rg2 Rxe3+ 41.Kxe3 Bh6 42.Kd3 Nh3 43.Kc2 Kh7
44.Nc4 Bf8 45.Ne3 Bd7 46.a5 Nf4 47.Rg1 Ng6 48.Rb1 Nh4 49.b5 axb5 50.Nxb5 Nf3
51.Kd3 Kg6 52.Nc3 Nxh2 53.Rxb7 Bc8 54.Rb6  1-0

[Event "Toronto"]
[Site "Toronto"]
[Date "1996.??.??"]
[Round "9"]
[White "Nickoloff, Bryon"]
[Black "Livshits, Ron"]
[Result "1-0"]
[WhiteElo "2410"]
[BlackElo "2420"]

1.c4 g6 2.e4 Bg7 3.d4 d6 4.Nc3 Nf6 5.Nf3 O-O 6.Be2 e5 7.Be3 Na6 8.O-O Ng4
9.Bg5 Qe8 10.dxe5 h6 11.Bc1 dxe5 12.h3 Nf6 13.Be3 Nh5 14.c5 Nf4 15.Bb5 c6
16.Bxa6 bxa6 17.Re1 Be6 18.Bxf4 exf4 19.e5 Qe7 20.Qd4 Rfd8 21.Qxf4 Qxc5 22.Ne4 Qf8
23.Nf6+ Bxf6 24.exf6 Rab8 25.Rxe6 fxe6 26.Ne5 Rb4 27.f7+ Kg7 28.Qg3  1-0

[Event "CAN-ch"]
[Site "Toronto"]
[Date "1996.??.??"]
[Round "11"]
[White "Spraggett, Kevin"]
[Black "Yoos, John C"]
[Result "1-0"]
[WhiteElo "2530"]
[BlackElo "2335"]

1.Nf3 g6 2.c4 Bg7 3.d4 d6 4.Nc3 Nf6 5.e4 O-O 6.Be2 e5 7.O-O Na6 8.Re1 Qe8
9.dxe5 dxe5 10.h3 b6 11.Be3 Bb7 12.Qc2 Nd7 13.a3 Nac5 14.b4 Ne6 15.Rad1 f5
16.c5 f4 17.Bc1 bxc5 18.Bc4 Kh8 19.Nb5 Rd8 20.Bb2 Nd4 21.Bxd4 cxd4 22.Nxc7 Qe7
23.Bd5 Rb8 24.Bxb7 Rxb7 25.Nd5 Qd6 26.Rc1 Nf6 27.Qc5 Qb8 28.Ng5 Re8 29.Qc6 Nxd5
30.Qxd5 h6 31.Nf3 Rb6 32.Rc5 g5 33.Qc4 Qd8 34.Rc7 Rf8 35.Rxa7 h5 36.Rc1 g4
37.Qc7 Qf6 38.Nxe5 Qxe5 39.Qxb6 gxh3 40.Qg6 hxg2 41.Rc5  1-0

[Event "CAN-ch"]
[Site "Toronto"]
[Date "1996.??.??"]
[Round "13"]
[White "Nickoloff, Bryon"]
[Black "Yoos, John C"]
[Result "1-0"]
[WhiteElo "2410"]
[BlackElo "2335"]

1.d4 g6 2.e4 Bg7 3.c4 d6 4.Nc3 Nf6 5.Be2 O-O 6.Nf3 e5 7.Be3 Na6 8.O-O Qe8
9.dxe5 dxe5 10.Nd2 Nd7 11.a3 f5 12.f3 f4 13.Bf2 Nac5 14.Nb5 Ne6 15.Nxa7 Rxa7
16.Bxa7 b6 17.a4 Rf6 18.b4 g5 19.c5 Nd4 20.cxb6 cxb6 21.a5 Qh5 22.Rc1 Nc5
23.Re1 Rh6 24.Nf1 Bh3 25.bxc5 Bxg2 26.Kxg2 g4 27.fxg4 Qh3+ 28.Kh1 f3 29.Bc4+ Kh8
30.Qd2 b5 31.Bd5 Qxg4 32.Qf2 Bf6 33.Qg3  1-0

[Event "CAN-ch"]
[Site "Toronto"]
[Date "1996.??.??"]
[Round "15"]
[White "Leveille, Francois"]
[Black "Yoos, John C"]
[Result "1/2-1/2"]
[WhiteElo "2350"]
[BlackElo "2335"]

1.d4 g6 2.e4 Bg7 3.c4 d6 4.Nc3 Nf6 5.Nf3 O-O 6.Be2 e5 7.dxe5 dxe5 8.Qxd8 Rxd8
9.Bg5 c6 10.Nxe5 Re8 11.f4 Na6 12.O-O Nc5 13.Bf3 h6 14.Bh4 g5 15.Bf2 Ncxe4
16.Nxe4 Nxe4 17.Bxe4 gxf4 18.Bd4 Bxe5 19.Bxe5 Rxe5 20.Rxf4 Be6 21.Rc1 Rd8
22.Rc2 Rxe4 23.Rxe4 Bf5 24.Ree2 Bxc2 25.Rxc2 Rd1+ 26.Kf2 Kg7 27.Ke2 Ra1 28.b3 Rh1
29.h3 Rg1 30.Ke3 Kf6 31.Kd4 b6 32.Rf2+ Ke6 33.Re2+ Kf6 34.Ke4 Rf1 35.Rc2 Re1+
36.Kf4 c5 37.Rd2 Ra1 38.Kg4 Kg6 39.Kh4 h5 40.Rf2 Rg1 41.Kg3 Rd1 42.Kf4 Kf6
43.Ke3+ Ke6 44.Rd2 Rf1 45.Ke4 Rg1 46.Kf4 Kf6 47.Rd7 Rxg2 48.Rxa7 Rf2+ 49.Kg3 Re2
50.Ra6 Re6 51.Kf4 Rd6 52.a4 Rd4+ 53.Ke3 Rh4 54.Rxb6+ Ke5 55.Kd3 Rxh3+ 56.Kc2 Rh2+
57.Kc3 f5 58.a5 Ra2 59.a6 h4 60.Rh6  1/2-1/2

[Event "Toscolano op"]
[Site "Toscolano"]
[Date "1996.??.??"]
[Round "2"]
[White "Kievelitz, Bernd"]
[Black "Perich, Stefano"]
[Result "1-0"]
[WhiteElo "2145"]
[BlackElo "2075"]

1.Nf3 g6 2.d4 Bg7 3.c4 Nf6 4.Nc3 d6 5.e4 O-O 6.Be3 e5 7.Be2 Nc6 8.d5 Ne7
9.Nd2 Ne8 10.b4 f5 11.f3 a5 12.bxa5 f4 13.Bf2 Rxa5 14.Nb3 Ra8 15.c5 Kh8 16.Qc2 Ng8
17.a4 Ngf6 18.cxd6 Nxd6 19.Nb5 Nfe8 20.O-O Bf6 21.Rfc1 Rf7 22.Nc5 Qd7 23.Qb3 c6
24.Nxd6 Qxd6 25.dxc6 Qc7 26.Nd7 Bxd7 27.Qxf7 Bxc6  1-0

[Event "Toscolano op"]
[Site "Toscolano"]
[Date "1996.??.??"]
[Round "4"]
[White "Kievelitz, Bernd"]
[Black "Prelati, Maurizio"]
[Result "1/2-1/2"]
[WhiteElo "2145"]
[BlackElo "2120"]

1.Nf3 Nf6 2.c4 g6 3.Nc3 Bg7 4.e4 d6 5.d4 O-O 6.Be3 e5 7.Be2 exd4 8.Nxd4 Re8
9.f3 c6 10.Bf2 d5 11.cxd5 cxd5 12.O-O dxe4 13.Ndb5 Na6 14.Nxe4 Nxe4 15.fxe4 Qe7
16.Rc1 Bxb2 17.Rc2 Be5 18.Nxa7 Rd8 19.Nxc8 Raxc8 20.Rxc8 Rxc8 21.Qb3 Qc7
22.Bb6 Qe7 23.Bc4 Rf8 24.Bd5 Nc5 25.Qe3 Nd7 26.Bd4 Kg7 27.Bxb7 f6 28.Bd5 Rc8
29.Bxe5 Nxe5 30.Rb1 Ng4 31.Qd4 Qa3 32.Bb3 Rc1+ 33.Rxc1 Qxc1+ 34.Bd1 Ne3 35.Qd7+ Kh6
36.Qh3+ Kg7 37.Qd7+  1/2-1/2

[Event "Toscolano op"]
[Site "Toscolano"]
[Date "1996.??.??"]
[Round "6"]
[White "Kievelitz, Bernd"]
[Black "Agnelli, Francesco"]
[Result "0-1"]
[WhiteElo "2145"]
[BlackElo "2085"]

1.Nf3 Nf6 2.c4 g6 3.Nc3 Bg7 4.e4 d6 5.d4 O-O 6.Be3 e5 7.Be2 Nc6 8.d5 Ne7
9.Nd2 Ne8 10.b4 f5 11.f3 h5 12.c5 Rf7 13.Nc4 f4 14.Bf2 g5 15.cxd6 cxd6 16.Nb5 Ng6
17.Nxa7 Bd7 18.Na5 g4 19.Nb5 Bf8 20.a4 Nh4 21.Rg1 Rg7 22.Rc1 gxf3 23.gxf3 Ng2+
24.Kd2 h4 25.Qb3 h3 26.Nxb7 Qg5 27.Na5 Nf6 28.Nc7 Rb8 29.b5 Be7 30.Nc6 Rf8
31.b6 Nxe4+ 32.fxe4 f3+ 33.Be3 Qh4 34.Nxe7+ Rxe7 35.Rcf1 fxe2 36.Rxf8+ Kxf8
37.Kxe2 Qxe4 38.Rf1+ Nf4+ 39.Kd2 Bxa4 40.Qc3 Qg2+ 41.Rf2 Qh1 42.Qc1 Qe4 43.Ne6+ Kg8
44.Nxf4 exf4 45.Qc8+ Be8 46.Qg4+ Bg6 47.Qxf4 Qd3+ 48.Kc1 Rxe3 49.Qf8+ Kh7
50.Rf7+ Bxf7 51.Qxf7+ Kh6 52.Qf4+ Kh5  0-1

[Event "CRO-chT"]
[Site "Tucepi"]
[Date "1996.??.??"]
[Round "?"]
[White "Cvitan, Ognjen"]
[Black "Jurkovic, Ante"]
[Result "1-0"]
[WhiteElo "2540"]
[BlackElo "2335"]

1.d4 Nf6 2.Nf3 g6 3.c4 Bg7 4.Nc3 O-O 5.e4 d6 6.Be2 e5 7.d5 a5 8.Bg5 Na6 9.Nd2 Qe8
10.O-O Nd7 11.a3 f6 12.Bh4 Nb6 13.b3 Bh6 14.Rb1 Bd7 15.Kh1 Nc5 16.f3 Be3
17.Qc2 Qe7 18.b4 axb4 19.axb4 Nca4 20.Nd1 Bxd2 21.Qxd2 Nc8 22.Ra1 Rb8 23.Qc2 Qe8
24.c5 Bb5 25.Bxb5 Qxb5 26.Rg1 Ra8 27.Nb2 g5 28.Nxa4 Ne7 29.Bf2  1-0

[Event "CRO-chT"]
[Site "Tucepi"]
[Date "1996.??.??"]
[Round "?"]
[White "Misanovic, Vesna"]
[Black "Mihevc, Narcisa"]
[Result "1-0"]
[WhiteElo "2375"]
[BlackElo "2250"]

1.d4 Nf6 2.c4 g6 3.Nc3 Bg7 4.e4 d6 5.Nf3 O-O 6.Be2 e5 7.d5 a5 8.h3 Qe8 9.Bg5 Nh5
10.g3 h6 11.Be3 f5 12.exf5 gxf5 13.Nh4 Nf6 14.Qd2 f4 15.gxf4 exf4 16.Bd4 c5
17.Bxf6 Bxf6 18.Rg1+ Bg7 19.Ng6 Rf5 20.O-O-O Na6 21.Bd3 Nb4 22.Bxf5 Bxf5
23.Nxf4 Kh7 24.a3 Bxc3 25.bxc3 Qe4 26.Kb2 Qxc4 27.cxb4 cxb4 28.Rc1 Qe4 29.Rc7+  1-0

[Event "CRO-chT"]
[Site "Tucepi"]
[Date "1996.??.??"]
[Round "?"]
[White "Lovric, Branko"]
[Black "Cvitan, Ognjen"]
[Result "1/2-1/2"]
[WhiteElo "2340"]
[BlackElo "2540"]

1.c4 g6 2.Nc3 Bg7 3.Nf3 Nf6 4.e4 d6 5.d4 O-O 6.Be2 e5 7.dxe5 dxe5 8.Qxd8 Rxd8
9.Bg5 Nbd7 10.O-O-O Rf8 11.Ne1 Nc5 12.f3 Ne6 13.Be3 c6 14.Nc2 c5 15.Nd5 Nd4
16.Bd3  1/2-1/2

[Event "Tuebingen-ch55"]
[Site "Tuebingen"]
[Date "1996.??.??"]
[Round "?"]
[White "Zeller, Frank"]
[Black "Funke, Detlev"]
[Result "0-1"]
[WhiteElo "2335"]
[BlackElo "2005"]

1.Nf3 g6 2.d4 Bg7 3.c4 Nf6 4.Nc3 O-O 5.e4 d6 6.Be2 e5 7.d5 Ne8 8.h4 h6 9.h5 g5
10.Nd2 f5 11.exf5 Bxf5 12.Bg4 Qc8 13.Bxf5 Qxf5 14.Nde4 Nd7 15.Be3 Nef6 16.Ng3 Qg4
17.Qxg4 Nxg4 18.Ke2 a6 19.f3 Nxe3 20.Kxe3 e4 21.Ngxe4 Rae8 22.Rac1 g4 23.b3 Be5
24.Ke2 Bd4 25.Rhf1 Re5 26.f4 Rxh5 27.Kd3 Bxc3 28.Kxc3 Rh2 29.g3 Nf6 30.Nxf6+ Rxf6
31.Rc2 Rh3 32.Rg2 Rf7 33.Kd4 Re7 34.b4 Kf7 35.a4 Kf6 36.a5 Kf5 37.Kd3 h5
38.Kd2 Re4 39.Rc1 h4 40.b5 Rxg3 41.Rxg3 hxg3 42.Kd3 Rxf4 43.b6 cxb6 44.axb6 Rf3+
45.Kd4 Kf4 46.c5 dxc5+ 47.Kxc5 g2 48.Rg1 Kg3 49.Kd6  0-1

[Event "Tuebingen-ch55"]
[Site "Tuebingen"]
[Date "1996.??.??"]
[Round "?"]
[White "Schlotterbeck, Peter"]
[Black "Dieringer, Juergen"]
[Result "1/2-1/2"]
[WhiteElo "1950"]
[BlackElo "1960"]

1.d4 Nf6 2.c4 g6 3.Nc3 Bg7 4.e4 d6 5.Be2 O-O 6.Nf3 e5 7.d5 a5 8.h3 Na6 9.Be3 Nh5
10.g3 f5 11.exf5 gxf5 12.Ng5 f4 13.Ne6 Bxe6 14.dxe6 fxe3 15.Bxh5 exf2+ 16.Kf1 c6
17.Bf7+ Kh8 18.Qh5 Nc5 19.Rh2 Qe7 20.Qg4 e4 21.Rxf2 e3 22.Rf4 Nd3 23.Ne4 Nxf4
24.Qxf4 Be5 25.Qf5 Rxf7 26.exf7 Rf8 27.Ng5 Qf6 28.Qxf6+ Bxf6 29.Ne4 Bxb2
30.Rd1 Rxf7+ 31.Ke2 Be5 32.Kxe3 Rd7 33.g4 Kg7 34.Nc5 Re7 35.Ne4 h6 36.Kf3 Rd7
37.Kg2 b5 38.cxb5 cxb5 39.Nc5 Rf7 40.Ne4 Rd7 41.Rd5 Rc7 42.Rxb5 Rc2+ 43.Kf3 Rxa2
44.Rd5 Ra3+ 45.Kg2 Ra2+ 46.Kf3 Kf7 47.Rd3 Ke6 48.g5 d5 49.Nc5+ Kd6 50.Ne4+ Ke6
51.Nc5+ Kd6 52.Ne4+ Kc6 53.Nf6 hxg5 54.Nxd5 Ra4 55.Ne7+ Kc7 56.Ng6 Bf4 57.h4 Rc4
58.hxg5 Bxg5 59.Rd5  1/2-1/2

[Event "Tuebingen-ch55"]
[Site "Tuebingen"]
[Date "1996.??.??"]
[Round "?"]
[White "Rupp, Michael"]
[Black "Schlotterbeck, Peter"]
[Result "0-1"]
[WhiteElo "2025"]
[BlackElo "1950"]

1.c4 Nf6 2.Nc3 g6 3.e4 d6 4.d4 Bg7 5.Nf3 O-O 6.Be2 e5 7.Be3 Nc6 8.O-O Bg4
9.d5 Ne7 10.c5 Ne8 11.Rc1 h6 12.Nd2 Bxe2 13.Qxe2 f5 14.f3 f4 15.Bf2 g5 16.Nb5 a6
17.cxd6 cxd6 18.Na3 Rc8 19.Nb3 Rf7 20.Nc4 Ng6 21.a4 Bf8 22.Kh1 h5 23.Rc3 Nf6
24.Rfc1 g4 25.Nb6 Rxc3 26.Rxc3 Rc7 27.Rxc7 Qxc7 28.Qc4 Qg7 29.Be1 h4 30.Qe2 h3
31.gxh3 gxf3 32.Qxf3 Qc7 33.Qg2 Qxb6 34.Qxg6+ Bg7 35.Bh4 Qxb3 36.Bxf6 Qd1+  0-1

[Event "Ubeda op"]
[Site "Ubeda"]
[Date "1996.??.??"]
[Round "?"]
[White "San Segundo, Pablo"]
[Black "Pavlovic, Milos"]
[Result "1/2-1/2"]
[WhiteElo "2535"]
[BlackElo "2490"]

1.d4 Nf6 2.Nf3 g6 3.c4 Bg7 4.Nc3 d6 5.e4 O-O 6.Be2 e5 7.Be3 Ng4 8.Bg5 f6
9.Bh4 g5 10.Bg3 Nh6 11.c5 Nc6 12.cxd6 cxd6 13.dxe5 dxe5 14.Bc4+ Kh8 15.h3 Nd4
16.O-O g4 17.Nxd4 exd4 18.Ne2 gxh3 19.Qxd4 hxg2 20.Rfe1 Bg4 21.Qxd8 Raxd8
22.Kxg2 Rd2 23.Nf4 Nf7 24.Be6 Bxe6 25.Nxe6 Re8 26.Nc7 Red8 27.Ne6 Re8 28.Nc7 Red8
29.Ne6 Re8 30.Nc7  1/2-1/2

[Event "Ubeda op"]
[Site "Ubeda"]
[Date "1996.??.??"]
[Round "?"]
[White "Giorgadze, Giorgi"]
[Black "Agnos, Demetrios"]
[Result "1-0"]
[WhiteElo "2590"]
[BlackElo "2460"]

1.d4 Nf6 2.Nf3 g6 3.c4 Bg7 4.Nc3 O-O 5.e4 d6 6.Be2 e5 7.Be3 Ng4 8.Bg5 f6
9.Bh4 Nc6 10.d5 Ne7 11.Nd2 Nh6 12.f3 g5 13.Bf2 f5 14.O-O Ng6 15.g3 g4 16.exf5 gxf3
17.Bxf3 Nxf5 18.Nce4 c5 19.Bg2 Qe7 20.Qh5 Bh6 21.Rae1 Bd7 22.Nf3 a5 23.Nfg5 b5
24.Ne6 Bxe6 25.dxe6 Qg7 26.cxb5 Rad8 27.b6 Kh8 28.Ng5 Bxg5 29.Qxg5 Nge7 30.Qd2 Qg6
31.Qxa5 Qxe6 32.b7 Rg8 33.Qc3 Rg5 34.Bxc5 dxc5 35.Rxe5 Qf6 36.Rexf5 Qxc3
37.Rf8+  1-0

[Event "Uusikaupunki We UudS"]
[Site "Uusikaupunki"]
[Date "1996.??.??"]
[Round "4"]
[White "Tuominen, Risto"]
[Black "Hartikainen, Markku"]
[Result "1-0"]
[WhiteElo "2105"]
[BlackElo "2290"]

1.d4 Nf6 2.c4 g6 3.Nc3 Bg7 4.e4 O-O 5.Be2 d6 6.Nf3 e5 7.d5 a5 8.Bg5 h6 9.Bh4 Na6
10.Nd2 Qe8 11.O-O Nh7 12.Kh1 h5 13.f3 Bh6 14.Qc2 Be3 15.a3 Bd7 16.b3 g5 17.Bf2 Bxf2
18.Rxf2 h4 19.Rff1 Nf6 20.g3 hxg3 21.hxg3 Kg7 22.Kg2 Rh8 23.Rh1 Qe7 24.Rag1 Rag8
25.Nd1 Qd8 26.Ne3 Qb8 27.Qc3 Qa7 28.Rxh8 Rxh8 29.Rb1 Nc5 30.Nf5+ Bxf5 31.exf5 g4
32.Qe3 gxf3+ 33.Bxf3 e4 34.Qg5+ Kf8 35.Qxf6 exf3+ 36.Nxf3 Rg8 37.Qd8+ Kg7
38.f6+  1-0

[Event "Vantaa We op4"]
[Site "Vantaa"]
[Date "1996.??.??"]
[Round "2"]
[White "Taivainen, Jukka"]
[Black "Kanko, Ilkka"]
[Result "1/2-1/2"]
[WhiteElo "2270"]
[BlackElo "2295"]

1.d4 Nf6 2.Nf3 g6 3.c4 Bg7 4.Nc3 O-O 5.e4 d6 6.Be2 c6 7.O-O e5 8.Re1 exd4
9.Nxd4 Re8 10.Bf1 Ng4 11.h3 Qb6 12.hxg4 Qxd4 13.Be3 Qxd1 14.Raxd1 Bxg4  1/2-1/2

[Event "Vantaa We op3"]
[Site "Vantaa"]
[Date "1996.??.??"]
[Round "3"]
[White "Veingold, Aleksandr"]
[Black "Remmel, Anto"]
[Result "1/2-1/2"]
[WhiteElo "2425"]
[BlackElo "2260"]

1.d4 Nf6 2.Nf3 g6 3.c4 Bg7 4.Nc3 d6 5.e4 O-O 6.Be2 Nbd7 7.O-O e5 8.Qc2 c6
9.Rd1 Qc7 10.Rb1 a6 11.dxe5 dxe5 12.b3 Re8 13.Ba3 Bf8 14.Bxf8 Nxf8 15.c5 Bg4
16.Nd2 Be6 17.Nc4 Bxc4 18.Bxc4 Rad8 19.f3 Qe7 20.Qf2 Ne6 21.Bxe6 Qxe6 22.Na4 Qe7
23.Kf1 Kg7 24.Ke1 Nh5 25.g3 f5 26.Nc3 Nf6 27.Rxd8 Rxd8 28.Rd1 fxe4 29.Nxe4 Nxe4
30.fxe4 Rf8 31.Qe3 Rd8 32.Rd2 Rxd2 33.Kxd2 Qd8+ 34.Kc2 Qa5 35.Kb2 Qb4 36.a3 Qb5
37.h4 h5 38.Kc3 Qa5+ 39.Kb2 Qb5 40.Kc2 a5 41.Kd2 Qf1 42.a4 Qg2+ 43.Kc3 Qh1
44.Kb2 Qg2+ 45.Kc1 Qh1+  1/2-1/2

[Event "Velden op"]
[Site "Velden"]
[Date "1996.??.??"]
[Round "3"]
[White "Titz, Heimo"]
[Black "Winiwarter, Felix"]
[Result "0-1"]
[WhiteElo "2325"]
[BlackElo "2145"]

1.c4 Nf6 2.Nc3 g6 3.e4 d6 4.d4 Bg7 5.Nf3 O-O 6.Be2 e5 7.Be3 Ng4 8.Bg5 f6
9.Bh4 Qe8 10.O-O Nh6 11.c5 Na6 12.cxd6 cxd6 13.Qb3+ Kh8 14.Rfd1 exd4 15.Nxd4 Nc5
16.Qd5 f5 17.Bf3 fxe4 18.Nxe4 Nxe4 19.Bxe4 Rf4 20.Re1 Rxh4 21.Nf3 Rh5 22.Qxd6 Qf8
23.Rad1 Qxd6 24.Rxd6 Nf7 25.Rd2 Bf6 26.Bd5 Ne5  0-1

[Event "Velden op"]
[Site "Velden"]
[Date "1996.??.??"]
[Round "6"]
[White "Danner, Georg"]
[Black "Lau, Ralf"]
[Result "1-0"]
[WhiteElo "2375"]
[BlackElo "2510"]

1.d4 d6 2.c4 g6 3.e4 Bg7 4.Nc3 Nf6 5.Nf3 O-O 6.Be2 e5 7.d5 a5 8.Bg5 h6 9.Bh4 Na6
10.Nd2 Bd7 11.a3 Qe8 12.b3 Nh7 13.f3 h5 14.Rb1 Bh6 15.Bf2 Qe7 16.b4 axb4
17.axb4 f5 18.c5 Nf6 19.O-O Kg7 20.c6 bxc6 21.dxc6 Be6 22.Nc4 Qf7 23.Nxd6 cxd6
24.Qxd6 Bf4 25.b5 Rad8 26.Qa3 Nb8 27.Qc5 Qc7 28.Rfd1 fxe4 29.Nxe4 Nxe4 30.fxe4 Bg5
31.Ra1 Rxd1+ 32.Bxd1 Rf7 33.Ra7 Qd8 34.Rxf7+ Kxf7 35.Be2 Qc7 36.Qa7 Qxa7
37.Bxa7 Nxc6 38.bxc6 Bc8 39.Bc4+ Kf6 40.Kf2 Bd2 41.Bc5 Ba5 42.Ke3 Bc7 43.Kd3 h4
44.Kd2 h3 45.gxh3 Bxh3 46.Kc3 Bc8 47.Kb4 g5 48.Kb5 g4 49.Bb6 Bd6 50.Bd8+ Kg6
51.Kb6 Bb4 52.Kc7 g3 53.hxg3 Bg4 54.Kb7  1-0

[Event "Velden op"]
[Site "Velden"]
[Date "1996.??.??"]
[Round "7"]
[White "Hess, Christian"]
[Black "Stanec, Nikolaus"]
[Result "0-1"]
[WhiteElo "2285"]
[BlackElo "2505"]

1.Nf3 g6 2.d4 Nf6 3.c4 Bg7 4.Nc3 O-O 5.e4 d6 6.Be2 Nbd7 7.O-O e5 8.d5 Nc5
9.Qc2 a5 10.Bg5 h6 11.Be3 Nfd7 12.Nd2 f5 13.exf5 gxf5 14.f4 exf4 15.Bxf4 Ne5
16.Nf3 Bd7 17.Rae1 Qf6 18.Nxe5 dxe5 19.Be3 b6 20.Kh1 Qg6 21.Rf2 Bf6 22.Rf3 Qh7
23.Qd2 Bg7 24.d6 c6 25.Bxc5 bxc5 26.Na4 e4 27.Rg3 f4 28.Bg4 fxg3 29.Bxd7 Bd4
30.Bxc6 e3 31.Qd1 Rad8 32.Qg4+ Qg7 33.Qe6+ Kh8 34.hxg3 Qf6  0-1

[Event "Vendrell op"]
[Site "Vendrell"]
[Date "1996.??.??"]
[Round "2"]
[White "Roeder, Mathias"]
[Black "Akopian, Vladimir"]
[Result "0-1"]
[WhiteElo "2445"]
[BlackElo "2620"]

1.d4 Nf6 2.c4 g6 3.Nc3 Bg7 4.e4 d6 5.Be2 O-O 6.Nf3 Nbd7 7.O-O e5 8.Qc2 exd4
9.Nxd4 Re8 10.Be3 c6 11.Rad1 Qe7 12.f3 a5 13.Kh1 Nh5 14.g4 Nhf6 15.Qd2 a4
16.Rg1 Nc5 17.Bf4 a3 18.b3 Bxg4 19.fxg4 Nfxe4 20.Nxe4 Nxe4 21.Qe3 c5 22.Nf5 gxf5
23.gxf5 Qf6 24.Bh6 Qxh6 25.Qxh6 Nf2+ 26.Kg2 Bxh6 27.Kxf2+ Kf8 28.Rg3 Bg7
29.Rh3 Bd4+ 30.Kf1 Re4 31.Bf3 Rf4 32.Rd3 Kg7 33.Kg2 Re8 34.b4 cxb4 35.f6+ Kxf6
36.Rxh7 Re1 37.Bd5 Re2+ 38.Kh3 Ke5 39.Rh5+ f5 40.Rh7 Rxa2 41.Rh6 Rg4 42.Re6+ Kf4
43.c5 Rh4+ 44.Kxh4 Rxh2+ 45.Rh3 Bf2+ 46.Kh5 Rxh3+ 47.Kg6  0-1

[Event "Vendrell op"]
[Site "Vendrell"]
[Date "1996.??.??"]
[Round "5"]
[White "San Segundo, Pablo"]
[Black "Romero Holmes, Alfonso"]
[Result "1/2-1/2"]
[WhiteElo "2535"]
[BlackElo "2425"]

1.Nf3 Nf6 2.c4 g6 3.Nc3 Bg7 4.d4 O-O 5.e4 d6 6.Be2 e5 7.Be3 Ng4 8.Bg5 f6
9.Bh4 g5 10.Bg3 Nh6 11.c5 Nc6 12.dxe5 dxe5 13.Bc4+ Kh8 14.Qxd8 Nxd8 15.O-O-O Ne6
16.b4 a5 17.a3 axb4 18.axb4 c6 19.Kb2 Nf4 20.Bxf4 exf4 21.Kb3  1/2-1/2

[Event "Vendrell op"]
[Site "Vendrell"]
[Date "1996.??.??"]
[Round "5"]
[White "Ubilava, Elizbar"]
[Black "Akopian, Vladimir"]
[Result "0-1"]
[WhiteElo "2535"]
[BlackElo "2620"]

1.Nf3 Nf6 2.c4 g6 3.Nc3 Bg7 4.e4 d6 5.d4 O-O 6.Be2 Nbd7 7.O-O e5 8.d5 a5
9.Be3 Ng4 10.Bg5 f6 11.Bh4 Nc5 12.Nd2 h5 13.b3 Bd7 14.Rb1 Qc8 15.h3 Nh6 16.a3 g5
17.Bg3 g4 18.hxg4 hxg4 19.b4 axb4 20.axb4 Na4 21.Nxa4 Bxa4 22.Qc1 f5 23.exf5 Qxf5
24.c5 Bc2 25.Rb2 Bd3 26.Nc4 Bxe2 27.Rxe2 Qg6 28.Qd1 Rf6 29.Rfe1 Nf5 30.Re4 Qh7
31.Rxg4 Rh6 32.f3 Ra2 33.Nd2 Ne3 34.Rxg7+ Kxg7 35.Qe2 Rh1+ 36.Kf2 Rxe1 37.Qxe1 Qd3  0-1

[Event "Vendrell op"]
[Site "Vendrell"]
[Date "1996.??.??"]
[Round "7"]
[White "Giorgadze, Giorgi"]
[Black "San Segundo, Pablo"]
[Result "1/2-1/2"]
[WhiteElo "2590"]
[BlackElo "2535"]

1.d4 Nf6 2.c4 g6 3.Nc3 Bg7 4.e4 d6 5.Nf3 O-O 6.Be2 e5 7.Be3 c6 8.d5 Na6 9.Nd2 Ne8
10.O-O f5 11.f3 f4 12.Bf2 c5 13.g4 fxg3 14.hxg3 Nf6 15.Re1 Bh6 16.Bf1 Rf7
17.Bg2 Qf8 18.Qe2 Bg5 19.Nf1 Bd7 20.Nb5 Bc8 21.a3 Nc7 22.Nc3 b6 23.b4 h5
24.Be3 Nh7 25.Qd2 Bxe3+ 26.Qxe3 h4 27.gxh4 Rf4 28.Nd2 Ne8 29.Rf1 Rxh4 30.Rab1  1/2-1/2

[Event "AUT-chT qual"]
[Site "Vienna"]
[Date "1996.??.??"]
[Round "1"]
[White "Steiner, Peter"]
[Black "Holzer, Gerhard"]
[Result "1/2-1/2"]
[WhiteElo "2165"]
[BlackElo "2200"]

1.d4 d6 2.c4 Nf6 3.Nc3 g6 4.e4 Bg7 5.Be2 O-O 6.Nf3 e5 7.dxe5 dxe5 8.Qxd8 Rxd8
9.Bg5 Re8 10.Nd5 Nxd5 11.cxd5 c6 12.Bc4 b5 13.Bb3 a5 14.a4 Bd7 15.Bd2 bxa4
16.Rxa4 Bf8 17.Rxa5 Rxa5 18.Bxa5 Na6 19.Bc3 Nc5 20.Bc2 cxd5 21.exd5 Bb5 22.Kd1 Ra8
23.b3 f6 24.Kc1 Nd3+ 25.Bxd3 Bxd3 26.Rd1 Bf5 27.d6 Ra2 28.Bb2 Bh6+ 29.Nd2 Ra6
30.Bc3 Rxd6 31.f3 Rd3 32.Kb2 Be3 33.g4 Be6 34.Kc2 Rd7 35.Nc4 Rxd1 36.Kxd1 Bf4
37.h3 Bd5 38.Ke2 Kf7 39.Bb4 Ke6  1/2-1/2

[Event "Carl Schlechter mem"]
[Site "Vienna"]
[Date "1996.??.??"]
[Round "2"]
[White "Havlicek, Josef"]
[Black "Alvir, Aco"]
[Result "0-1"]
[WhiteElo "2245"]
[BlackElo "2355"]

1.e4 g6 2.d4 Bg7 3.c4 d6 4.Nc3 Nf6 5.Nf3 O-O 6.Be2 e5 7.d5 a5 8.O-O Na6 9.a3 Nc5
10.Rb1 Nfxe4 11.Nxe4 Nxe4 12.Qc2 Nc5 13.Qd1 Bf5 14.Ra1 a4 15.Bg5 Qc8 16.Be3 Nb3
17.Ra2 b6 18.Nd2 Nxd2 19.Qxd2 Bd7 20.Raa1 f5 21.f4 Re8 22.Rae1 Qd8 23.fxe5 Rxe5
24.Bf4 Re4 25.Bd3 Rxe1 26.Rxe1 Qf6 27.Re2 Re8 28.g3 Rxe2 29.Qxe2 Qd4+ 30.Kf1 Be5
31.Bxe5 dxe5 32.c5 bxc5 33.Bb5 Bc8 34.Qc2 f4 35.gxf4 Bh3+ 36.Ke2 exf4 37.Qc3 Bg4+
38.Kf1 Qxc3 39.bxc3 Bd1 40.Ke1 Bb3 41.Bc6 Kg7 42.Ke2 Kf6 43.Kf3 Ke5  0-1

[Event "Carl Schlechter mem"]
[Site "Vienna"]
[Date "1996.??.??"]
[Round "2"]
[White "Miniboeck, Guenter"]
[Black "Popovic, Petar"]
[Result "0-1"]
[WhiteElo "2355"]
[BlackElo "2575"]

1.d4 Nf6 2.c4 g6 3.Nc3 Bg7 4.e4 d6 5.Nf3 O-O 6.Be2 e5 7.dxe5 dxe5 8.Qxd8 Rxd8
9.Bg5 Nbd7 10.O-O-O Rf8 11.Nd5 Nxe4 12.Be3 Ndc5 13.Nxc7 Rb8 14.b4 Na4 15.Bxa7 Bf5
16.Bxb8 Rxb8 17.Nh4 Nac3 18.Rhe1 Nxd1 19.Bxd1 Rc8 20.Nxf5 gxf5 21.Nd5 Rxc4+
22.Kb1 Nd2+ 23.Kb2 e4+ 24.Ka3 Bf8 25.Bb3 Rd4 26.Nf6+ Kg7 27.Nh5+ Kh6 28.Ng3 Bxb4+
29.Kb2 Kg6 30.Rc1 Nxb3 31.Kxb3 Bd6 32.Rc2 Rb4+ 33.Kc3 b5 34.Kd2 Rd4+ 35.Ke2 f4
36.Nf1 f5 37.Nd2 Kf6 38.Rc6 Ke7 39.Rb6 Ra4 40.Rxb5 Rxa2 41.Rxf5 Ke6 42.Rb5 f3+
43.gxf3 Bf4 44.fxe4 Rxd2+ 45.Kf3 Be5 46.Rb7 Bd4 47.Rxh7 Rxf2+ 48.Kg3 Rf8
49.Rb7 Be5+ 50.Kg2 Bd6 51.Rb3 Rg8+ 52.Kf3 Rh8 53.Rb5 Rh3+ 54.Kf2 Rxh2+ 55.Ke3 Be5
56.Rb6+ Kd7 57.Kd3 Rh1 58.Ra6 Rd1+ 59.Ke2 Rd4 60.Ke3 Rb4 61.Kd3 Bd6 62.Ke3 Kc7
63.Kf3 Rb3+ 64.Ke2 Kd7 65.Ra5 Ke6 66.Rd5 Rh3 67.Rf5 Bg3 68.Rf3 Rh2+ 69.Kd3 Bc7
70.Rf5 Rh3+ 71.Ke2 Bb6 72.Rf3 Rh2+ 73.Kd3 Ra2 74.Rf5 Ra3+ 75.Kc4 Re3 76.Rf4 Ke5
77.Rg4 Bd8 78.Kc5 Rc3+ 79.Kb4 Rc1 80.Kb5 Bf6 81.Rg6 Be7 82.Rg7 Bd6 83.Rg4 Kd4
84.Rg6 Bf4 85.Rg4 Kxe4 86.Rh4  0-1

[Event "Vienna op"]
[Site "Vienna"]
[Date "1996.??.??"]
[Round "3"]
[White "Epishin, Vladimir"]
[Black "Kveinys, Aloyzas"]
[Result "0-1"]
[WhiteElo "2620"]
[BlackElo "2530"]

1.d4 d6 2.Nf3 g6 3.c4 Bg7 4.e4 e5 5.Nc3 Nd7 6.Be2 Ngf6 7.O-O O-O 8.Re1 c6
9.Bf1 Ng4 10.Bg5 f6 11.Bc1 Qe7 12.g3 Nh6 13.Bg2 Re8 14.b3 Nf7 15.Ba3 Qd8
16.Qd2 Bh6 17.Qb2 exd4 18.Nxd4 Nde5 19.Qc2 Qb6 20.Nce2 Bg4 21.Qc3 c5 22.Nf3 Bxf3
23.Bxf3 Bd2  0-1

[Event "Vienna op"]
[Site "Vienna"]
[Date "1996.??.??"]
[Round "3"]
[White "Zvjaginsev, Vadim"]
[Black "Paehtz, Thomas Sr"]
[Result "1-0"]
[WhiteElo "2590"]
[BlackElo "2475"]

1.Nf3 Nf6 2.c4 g6 3.Nc3 Bg7 4.d4 d6 5.e4 O-O 6.Be2 e5 7.d5 a5 8.Bg5 h6 9.Be3 Ng4
10.Bc1 Na6 11.O-O Nc5 12.g3 Nf6 13.Qc2 c6 14.Be3 cxd5 15.cxd5 Bh3 16.Bxc5 Bxf1
17.Rxf1 dxc5 18.Rd1 a4 19.Nxe5 a3 20.bxa3 Rxa3 21.Nb5 Ra5 22.a4 Qa8 23.Nc7 Qd8
24.d6 Ne8 25.Nc4 Nxd6 26.e5 Bxe5 27.Ne6 Qe8 28.Nxf8 Nxc4 29.Nxg6 Nd6 30.Nxe5 Qxe5
31.Bf1 Ra8 32.Qd2 Nf5 33.Re1 Qf6 34.Qf4 Kg7 35.Qc4 b6 36.Re4 Rd8 37.a5 bxa5
38.Qxc5 Nd4 39.Rg4+ Kh8 40.Rf4 Nf3+ 41.Kg2 Ne1+ 42.Kh1 Qe6 43.Qc3+ Kg8 44.Rc4 Rc8
45.Rxc8+  1-0